Jiglets A series of sidesplitting gyrations reeled off-
Saved in:
| Main Author: | |
|---|---|
| Format: | Electronic eBook |
| Language: | English |
| Published: |
Project Gutenberg,
2013
|
| Series: | Project Gutenberg
43419 |
| Online Access: | http://www.gutenberg.org/etext/43419 Rights |
| Tags: |
Add Tag
No Tags, Be the first to tag this record!
|
| Call Number : |
MARC
| LEADER | 00000cam a22000003a 4500 | ||
|---|---|---|---|
| 001 | 71490 | ||
| 003 | MY-KLNDU | ||
| 005 | 20241219033529.0 | ||
| 008 | 210402s2013||||xxu|||||s|||||000 | eng d | ||
| 035 | |a (PGUSA)43419 | ||
| 039 | 9 | |y 202104022251 |z VLOAD | |
| 040 | |a PGUSA |b eng | ||
| 042 | |a dc | ||
| 100 | 1 | |a Jones, Walter | |
| 245 | 1 | 0 | |a Jiglets A series of sidesplitting gyrations reeled off- |h [electronic resource] / |c by Walter Jones |
| 260 | |b Project Gutenberg, |c 2013 | ||
| 500 | |a Project Gutenberg | ||
| 506 | |a Freely available. | ||
| 516 | |a Electronic text | ||
| 599 | |a Dummy Record | ||
| 830 | 0 | |a Project Gutenberg |v 43419 | |
| 856 | 4 | 0 | |u http://www.gutenberg.org/etext/43419 |
| 856 | 4 | 2 | |u http://www.gutenberg.org/license |3 Rights |
| 999 | |a vtls000082861 |c 71490 |d 71490 | ||